Nechemická regulácia burín

Bibliographic Details
Main Authors: Krošlák, I. (Author), Ďurica, D. (Author)
Format: Article
Language:Slovak
ISSN:0862-5565
Subjects:

MARC

LEADER 00000nab a2200000 a 4500
001 vtls000794998
003 SK-MaSNL
005 20260304035019.0
008 180206c2002 xo 0 slo
015 |a SNBRB2002/05-17298 
035 |a CLN000146653 
040 |a SNKBUCL  |b slo  |c SNKBUCL  |e AACR2 
041 0 |a slo 
044 |a xo  |c SK 
080 |a 632.51:632.937:635  |2 UDC-MRF-SK2 
080 |a 632.937:635  |2 UDC-MRF-SK2 
100 1 |a Krošlák, I.  |4 aut  |9 832489 
245 1 0 |a Nechemická regulácia burín  |c I. Krošlák, D. Ďurica 
650 0 7 |a buriny  |2 SNKPH  |9 15855 
650 0 7 |a biologická ochrana rastlín  |2 SNKPH  |9 224755 
650 0 7 |a záhrady  |2 SNKPH  |9 2730 
655 7 |a články z novín a časopisov  |2 SNK  |9 267496 
700 1 |a Ďurica, D.  |4 aut  |9 847825 
773 0 |x 0862-5565  |t Záhradkár  |g Roč. 38, č. 4 (2002), s. 56-57 
850 |a Slovenská národná knižnica v Martine 
852 |a SNK  |b KIS3GCP 
958 |a RBX 
999 |c 2655890  |d 2657820